[Event "Campeonato de Rusia 2007 Femenino Final"]
[Site "Moscu RUS"]
[Date "2007.12.18"]
[Round "1.2"]
[White "Gunina, Valentina"]
[Black "Korbut, Ekaterina"]
[Result "0-1"]
[WhiteElo "2359"]
[BlackElo "2443"]
[PlyCount "56"]
[EventDate "2007.12.18"]
[EventType "tourn"]
[EventRounds "11"]
[EventCountry "RUS"]
[Source "lmi"]
[SourceDate "2007.12.18"]

1. d4 d5 2. c4 dxc4 3. Nf3 Nf6 4. e3 a6 5. Bxc4 e6 6. O-O c5 7. Bb3 b5 8. a4 b4
9. Nbd2 Be7 10. e4 Bb7 11. e5 Nfd7 12. Nc4 O-O 13. Bf4 Nc6 14. Nd6 Bxd6 15.
exd6 cxd4 16. Nxd4 Qf6 17. Be3 Na5 18. Ba2 Rac8 19. Qd2 b3 20. Bxb3 Nxb3 21.
Nxb3 Qg6 22. g3 Ne5 23. f3 Rc2 24. Qd1 Bd5 25. Nc5 Ng4 26. Qd4 Nxh2 27. Qf4 Qh5
28. Bd2 Nxf3+ 0-1

[Event "Campeonato de Rusia 2007 Femenino Final"]
[Site "Moscu RUS"]
[Date "2007.12.18"]
[Round "1.6"]
[White "Pogonina, Natalija"]
[Black "Girya, Olga"]
[Result "1-0"]
[WhiteElo "2462"]
[BlackElo "2338"]
[PlyCount "105"]
[EventDate "2007.12.18"]
[EventType "tourn"]
[EventRounds "11"]
[EventCountry "RUS"]
[Source "lmi"]
[SourceDate "2007.12.18"]

1. e4 c5 2. Nf3 Nc6 3. d4 cxd4 4. Nxd4 e5 5. Nb5 d6 6. a4 Nf6 7. N1c3 a6 8. Na3
Bg4 9. f3 Be6 10. Bc4 Qb6 11. Nd5 Bxd5 12. exd5 Ne7 13. c3 g6 14. Qd3 Bg7 15.
Be3 Qc7 16. O-O O-O 17. b4 Nd7 18. Rac1 f5 19. Bb3 e4 20. fxe4 Ne5 21. Qc2 Ng4
22. Bf4 fxe4 23. Nc4 Nf5 24. a5 Rae8 25. Rce1 Nf6 26. h3 h5 27. Nb6 e3 28. Nc4
Ne4 29. Bxe3 Nxc3 30. Bb6 Qd7 31. Ne3 Nxe3 32. Rxf8+ Rxf8 33. Rxe3 Qb5 34. Qxg6
Ne2+ 35. Kh2 Nf4 36. Qg5 Qxb4 37. Rg3 Rf7 38. Qd8+ Rf8 39. Qc7 Rf7 40. Qc8+ Rf8
41. Qxb7 Rf7 42. Qc8+ Rf8 43. Qd7 Rf7 44. Qd8+ Rf8 45. Qg5 Rf7 46. Re3 Rf8 47.
Bc2 Qb2 48. Re7 Qf6 49. Qxf6 Bxf6 50. Re4 Rc8 51. Ba4 Be5 52. Rxe5 dxe5 53. d6
1-0

[Event "Campeonato de Rusia 2007 Femenino Final"]
[Site "Moscu RUS"]
[Date "2007.12.19"]
[Round "2.1"]
[White "Korbut, Ekaterina"]
[Black "Pogonina, Natalija"]
[Result "0-1"]
[WhiteElo "2443"]
[BlackElo "2462"]
[PlyCount "43"]
[EventDate "2007.12.18"]
[EventType "tourn"]
[EventRounds "11"]
[EventCountry "RUS"]
[Source "lmi"]
[SourceDate "2007.12.18"]

1. e4 c5 2. Nf3 d6 3. d4 cxd4 4. Nxd4 Nf6 5. Nc3 g6 6. Be3 Bg7 7. f3 O-O 8. Qd2
Nc6 9. g4 e6 10. O-O-O d5 11. g5 Nh5 12. Rg1 Ne7 13. f4 dxe4 14. Nxe4 Nd5 15.
Be2 f5 16. gxf6 Nhxf6 17. Ng5 Qe7 18. Bc4 Kh8 19. Ndf3 b5 20. Bb3 Bb7 21. Ne5
Nh5 22. Nd3 0-1

[Event "Campeonato de Rusia 2007 Femenino Final"]
[Site "Moscu RUS"]
[Date "2007.12.19"]
[Round "2.4"]
[White "Kosintseva, Tatiana"]
[Black "Girya, Olga"]
[Result "1-0"]
[WhiteElo "2492"]
[BlackElo "2338"]
[PlyCount "81"]
[EventDate "2007.12.18"]
[EventType "tourn"]
[EventRounds "11"]
[EventCountry "RUS"]
[Source "lmi"]
[SourceDate "2007.12.18"]

1. e4 c5 2. Nf3 Nc6 3. d4 cxd4 4. Nxd4 e5 5. Nb5 d6 6. N1c3 a6 7. Na3 b5 8. Nd5
Nge7 9. c4 Nxd5 10. cxd5 Nd4 11. Bd3 g6 12. O-O Bg7 13. Be3 O-O 14. Qd2 f5 15.
f3 f4 16. Bxd4 exd4 17. Nc2 Bd7 18. Nb4 Qa5 19. a3 Rac8 20. Rfc1 Rc5 21. Bf1 g5
22. Qd1 d3 23. Nxd3 Rxc1 24. Rxc1 g4 25. fxg4 Qb6+ 26. Kh1 Qe3 27. Qf3 Qd2 28.
Qe2 Qa5 29. h3 Qd8 30. Qf3 Qg5 31. Be2 Bd4 32. Rf1 Qh6 33. b3 Be3 34. e5 dxe5
35. Nxe5 Bc8 36. Bd3 Bb7 37. Nc6 Re8 38. Bf5 Qd6 39. b4 Bxc6 40. dxc6 Bd2 41.
c7 1-0

[Event "Campeonato de Rusia 2007 Femenino Final"]
[Site "Moscu RUS"]
[Date "2007.12.19"]
[Round "2.5"]
[White "Stepovaia, Tatiana"]
[Black "Ovod, Evgenija"]
[Result "1/2-1/2"]
[WhiteElo "2375"]
[BlackElo "2386"]
[PlyCount "107"]
[EventDate "2007.12.18"]
[EventType "tourn"]
[EventRounds "11"]
[EventCountry "RUS"]
[Source "lmi"]
[SourceDate "2007.12.18"]

1. e4 Nf6 2. e5 Nd5 3. d4 d6 4. c4 Nb6 5. exd6 exd6 6. Nf3 Be7 7. Be2 O-O 8.
O-O Bg4 9. Nc3 Nc6 10. b3 Bf6 11. Be3 d5 12. c5 Nc8 13. h3 Bxf3 14. Bxf3 N8e7
15. g4 g6 16. Bg2 Bg7 17. f4 f5 18. g5 b6 19. cxb6 axb6 20. Qd2 Na5 21. Na4 Nb7
22. Nb2 Nd6 23. Nd3 Ne4 24. Qc2 Qd7 25. Rfd1 Rfc8 26. Rac1 Qe6 27. Re1 Kf7 28.
a4 Ke8 29. b4 Kd7 30. a5 Qc6 31. Qb3 Qb7 32. Qa4+ Kd6 33. Ne5 Bxe5 34. dxe5+
Ke6 35. Qb5 Rcb8 36. axb6 cxb6 37. Rc2 Ra3 38. Bd4 Qd7 39. Qe2 Rb3 40. Rb2 Nc6
41. Rxb3 Nxd4 42. Qd1 Nxb3 43. Qxb3 Qc6 44. Rd1 b5 45. h4 Nc3 46. Rd2 Qc4 47.
Qa3 Rc8 48. Qa6+ Rc6 49. Qa8 Ke7 50. Qb7+ Rc7 51. Qb6 Rc6 52. Qb7+ Rc7 53. Qb6
Rc6 54. Qb7+ 1/2-1/2

[Event "Campeonato de Rusia 2007 Femenino Final"]
[Site "Moscu RUS"]
[Date "2007.12.19"]
[Round "2.6"]
[White "Kovalevskaya, Ekaterina"]
[Black "Gunina, Valentina"]
[Result "1/2-1/2"]
[WhiteElo "2448"]
[BlackElo "2359"]
[PlyCount "164"]
[EventDate "2007.12.18"]
[EventType "tourn"]
[EventRounds "11"]
[EventCountry "RUS"]
[Source "lmi"]
[SourceDate "2007.12.18"]

1. e4 e6 2. d4 d5 3. Nc3 Nf6 4. Bg5 dxe4 5. Nxe4 Nbd7 6. Nf3 h6 7. Nxf6+ Nxf6
8. Be3 Nd5 9. Qd2 Bd6 10. Bd3 b6 11. O-O-O Bb7 12. c4 Nxe3 13. fxe3 c5 14. Bc2
Qc7 15. Ba4+ Ke7 16. d5 Rad8 17. dxe6 Kxe6 18. Qf2 Be7 19. Bc2 Bf6 20. e4 Qf4+
21. Kb1 Rxd1+ 22. Rxd1 Ke7 23. g3 Qg4 24. Qd2 Kf8 25. Ne5 Qe6 26. Nd7+ Kg8 27.
Nxf6+ gxf6 28. Qf4 Kg7 29. Rd6 Qe5 30. Qg4+ Qg5 31. Qd7 Qe5 32. Qg4+ Qg5 33.
Qd7 Qe5 34. Rd1 Rb8 35. a3 h5 36. Re1 Ba6 37. Qd3 b5 38. Qc3 bxc4 39. Kc1 Rd8
40. Qxe5 fxe5 41. Re3 Rd4 42. Rf3 Bc8 43. Rf2 Kg6 44. Rf3 Bh3 45. Re3 Bf1 46.
b3 cxb3 47. Rxb3 c4 48. Rb5 f6 49. Ra5 Bd3 50. Rxa7 Rxe4 51. Bxd3 cxd3 52. Rd7
Re1+ 53. Kd2 Re2+ 54. Kxd3 Rxh2 55. Kc4 Rg2 56. Rd3 e4 57. Rc3 f5 58. a4 Kg5
59. Ra3 Rc2+ 60. Kd4 Rc6 61. a5 Ra6 62. Ke3 Kg4 63. Kf2 h4 64. gxh4 f4 65. Ra1
Kf5 66. h5 Kg4 67. h6 Rxh6 68. a6 e3+ 69. Ke2 Rh2+ 70. Kd3 Rh8 71. a7 Rd8+ 72.
Ke2 Ra8 73. Ra6 Kg3 74. Rg6+ Kh2 75. Rh6+ Kg3 76. Rg6+ Kh2 77. Rh6+ Kg3 78.
Rg6+ Kh4 79. Rh6+ Kg5 80. Ra6 Kg4 81. Rg6+ Kh4 82. Rh6+ Kg5 1/2-1/2

[Event "Campeonato de Rusia 2007 Femenino Final"]
[Site "Moscu RUS"]
[Date "2007.12.20"]
[Round "3.3"]
[White "Ovod, Evgenija"]
[Black "Shadrina, Tatiana"]
[Result "1-0"]
[WhiteElo "2386"]
[BlackElo "2379"]
[PlyCount "93"]
[EventDate "2007.12.18"]
[EventType "tourn"]
[EventRounds "11"]
[EventCountry "RUS"]
[Source "lmi"]
[SourceDate "2007.12.18"]

1. d4 d5 2. c4 c6 3. Nf3 Nf6 4. Nc3 dxc4 5. a4 Bf5 6. e3 e6 7. Bxc4 Bb4 8. O-O
O-O 9. Nh4 Nbd7 10. f3 Qb6 11. e4 Bg6 12. Nxg6 hxg6 13. Be3 e5 14. Kh1 Rad8 15.
Ne2 exd4 16. Bxd4 c5 17. Be3 Ne5 18. Qc2 Nxc4 19. Qxc4 Qd6 20. Nf4 g5 21. Ng6
Ng4 22. fxg4 Qxg6 23. Rf5 Qe6 24. Qxe6 fxe6 25. Rxf8+ Kxf8 26. Kg1 Rd3 27. Kf2
Rb3 28. Ra2 c4 29. Bxa7 Bd6 30. Bd4 Rd3 31. Bc3 Bxh2 32. a5 Bg3+ 33. Ke2 Rd7
34. Ra4 Rc7 35. e5 Ke8 36. Kf3 Bh2 37. Ke4 Kd7 38. Ra1 Kc6 39. Rh1 Bf4 40. Rd1
Kc5 41. Rd6 Rc6 42. Rd7 b5 43. axb6 Kxb6 44. Kf3 Bh2 45. Rd1 Rc5 46. g3 Rd5 47.
Rxd5 1-0

[Event "Campeonato de Rusia 2007 Femenino Final"]
[Site "Moscu RUS"]
[Date "2007.12.20"]
[Round "3.4"]
[White "Matveeva, Svetlana"]
[Black "Kosintseva, Nadezhda"]
[Result "1-0"]
[WhiteElo "2433"]
[BlackElo "2469"]
[PlyCount "109"]
[EventDate "2007.12.18"]
[EventType "tourn"]
[EventRounds "11"]
[EventCountry "RUS"]
[Source "lmi"]
[SourceDate "2007.12.18"]

1. d4 Nf6 2. c4 e6 3. Nc3 Bb4 4. Qc2 O-O 5. a3 Bxc3+ 6. Qxc3 d6 7. Nf3 b6 8. g3
Bb7 9. Bg2 c5 10. O-O Qe7 11. b4 Nbd7 12. Bb2 Rac8 13. Rfc1 Rfe8 14. dxc5 bxc5
15. Qb3 Be4 16. Bf1 d5 17. Nd2 d4 18. Nxe4 Nxe4 19. Bg2 Nd6 20. e3 dxe3 21.
fxe3 Nf6 22. bxc5 Rxc5 23. Bd4 Rcc8 24. c5 Nde4 25. c6 e5 26. Bb2 Nd6 27. a4 e4
28. Bh3 Rb8 29. Qc3 Qc7 30. Rc2 Red8 31. Rd1 a5 32. Rcd2 Rb6 33. Qxa5 Qxc6 34.
Bxf6 gxf6 35. Qd5 Kf8 36. a5 Qxd5 37. Rxd5 Rc6 38. Bg2 Ke7 39. Bxe4 Ra6 40. Bd3
Rc6 41. Bxh7 Ra8 42. Bd3 Ke6 43. Bf1 f5 44. Bh3 Rh8 45. Bg2 Ra6 46. Rxd6+ Rxd6
47. Rxd6+ Kxd6 48. a6 Rc8 49. a7 Rc1+ 50. Kf2 Rc2+ 51. Kf1 Rc1+ 52. Ke2 Rc2+
53. Kd3 Rxg2 54. a8=Q Rxh2 55. Qe8 1-0

[Event "Campeonato de Rusia 2007 Femenino Final"]
[Site "Moscu RUS"]
[Date "2007.12.20"]
[Round "3.5"]
[White "Gunina, Valentina"]
[Black "Stepovaia, Tatiana"]
[Result "0-1"]
[WhiteElo "2359"]
[BlackElo "2375"]
[PlyCount "142"]
[EventDate "2007.12.18"]
[EventType "tourn"]
[EventRounds "11"]
[EventCountry "RUS"]
[Source "lmi"]
[SourceDate "2007.12.18"]

1. d4 f5 2. c4 Nf6 3. g3 d6 4. Nf3 g6 5. Bg2 Bg7 6. O-O O-O 7. Nc3 Qe8 8. d5 a5
9. Rb1 Bd7 10. Ne1 Na6 11. Nd3 b6 12. b3 Qf7 13. Nf4 Rab8 14. a3 Nc5 15. b4
axb4 16. axb4 Nce4 17. Bb2 g5 18. Nh3 h6 19. f4 Nxc3 20. Bxc3 Ne4 21. Bd4 Bxd4+
22. Qxd4 Qf6 23. Qe3 g4 24. Bxe4 gxh3 25. Bf3 e5 26. fxe5 dxe5 27. Qc3 Qg7 28.
Kh1 Ra8 29. e4 Kh8 30. Rbe1 f4 31. Rg1 Qf6 32. Ref1 Ra2 33. Bd1 Qg5 34. gxf4
Qg2+ 35. Rxg2 hxg2+ 36. Kg1 gxf1=Q+ 37. Kxf1 Rxf4+ 38. Kg1 Rxe4 39. Bf3 Rd4 40.
Qe3 Kh7 41. Qxe5 Ra1+ 42. Kf2 Rd2+ 43. Kg3 Rg1+ 44. Kf4 Rg7 45. Be4+ Kg8 46.
Qxc7 Rf7+ 47. Ke3 Re2+ 48. Kd3 Rxe4 49. Qxb6 Bf5 50. Kc3 Kg7 51. b5 Bg4 52. Qc6
Be2 53. Kd2 Bxc4 54. Qc5 Rf5 55. Qc7+ Kg6 56. d6 Bxb5 57. Qb6 Rd5+ 58. Kc3 Rc4+
59. Kb3 Rc6 60. Qg1+ Kf6 61. Qf2+ Ke6 62. Qe3+ Kxd6 63. Qxh6+ Kc7 64. Qf4+ Rdd6
65. h4 Kb6 66. Qe3+ Ka6 67. Qe5 Rd3+ 68. Kb2 Rd7 69. h5 Rb7 70. Ka3 Bc4 71. Qe4
Rc5 0-1

[Event "Campeonato de Rusia 2007 Femenino Final"]
[Site "Moscu RUS"]
[Date "2007.12.22"]
[Round "4.2"]
[White "Kosintseva, Tatiana"]
[Black "Korbut, Ekaterina"]
[Result "1/2-1/2"]
[WhiteElo "2492"]
[BlackElo "2443"]
[PlyCount "105"]
[EventDate "2007.12.18"]
[EventType "tourn"]
[EventRounds "11"]
[EventCountry "RUS"]
[Source "lmi"]
[SourceDate "2007.12.18"]

1. e4 c5 2. Nf3 d6 3. d4 cxd4 4. Nxd4 Nf6 5. Nc3 a6 6. Be3 Ng4 7. Bg5 h6 8. Bh4
g5 9. Bg3 Bg7 10. h3 Ne5 11. Nf5 Bxf5 12. exf5 Nbd7 13. Nd5 Nb6 14. c3 Nxd5 15.
Qxd5 Qb6 16. O-O-O Rc8 17. Qb3 Qc6 18. f3 b5 19. Bxe5 Bxe5 20. Bd3 O-O 21. h4
b4 22. Qxb4 Rb8 23. Qa3 Rfc8 24. Rhe1 Qb6 25. hxg5 hxg5 26. Re2 Rc5 27. Rh1 Ra5
28. Qb3 Qxb3 29. axb3 Ra1+ 30. Bb1 Rxb3 31. Kc2 Rb8 32. b4 Bf6 33. Kb3 a5 34.
Ra2 a4+ 35. Rxa4 Rxa4 36. Kxa4 Bxc3 37. b5 Kg7 38. Be4 Kf6 39. Rc1 Bd4 40. Rc7
e6 41. g4 d5 42. Bd3 Bb6 43. Rc6 Ke5 44. fxe6 fxe6 45. Bg6 Rb7 46. Kb4 Bd8 47.
Rc8 Bb6 48. Be8 Kd4 49. Rc6 e5 50. Rc1 e4 51. fxe4 dxe4 52. Rc4+ Ke3 53. Rxe4+
1/2-1/2

[Event "Campeonato de Rusia 2007 Femenino Final"]
[Site "Moscu RUS"]
[Date "2007.12.22"]
[Round "4.4"]
[White "Kosintseva, Nadezhda"]
[Black "Ovod, Evgenija"]
[Result "1/2-1/2"]
[WhiteElo "2469"]
[BlackElo "2386"]
[PlyCount "139"]
[EventDate "2007.12.18"]
[EventType "tourn"]
[EventRounds "11"]
[EventCountry "RUS"]
[Source "lmi"]
[SourceDate "2007.12.18"]

1. e4 e5 2. Nf3 Nc6 3. Bb5 f5 4. Nc3 fxe4 5. Nxe4 Nf6 6. Bxc6 dxc6 7. Qe2 Bg4
8. h3 Bxf3 9. Qxf3 Nxe4 10. Qxe4 Qd5 11. d3 Bc5 12. O-O O-O 13. Qe2 Rae8 14.
Be3 e4 15. Bxc5 exd3 16. Qxd3 Qxc5 17. Rad1 h6 18. Rd2 b6 19. Rfd1 Re5 20. a3
a5 21. Qg3 Rd5 22. c3 Rfd8 23. Rxd5 cxd5 24. Qg4 Qe7 25. Qd4 c5 26. Qg4 Qe5 27.
Qf3 Rd6 28. g3 d4 29. cxd4 cxd4 30. Kg2 d3 31. Rxd3 Rxd3 32. Qxd3 Qxb2 33. a4
Qb4 34. Qd8+ Kf7 35. Qd7+ Kf6 36. h4 h5 37. Qc6+ Ke7 38. Qg6 Kf8 39. Qf5+ Kg8
40. Qd5+ Kf8 41. Qd7 Qe4+ 42. Kf1 g6 43. Qd8+ Kg7 44. Qc7+ Kh6 45. Qd7 Qh1+ 46.
Ke2 Qe4+ 47. Kd2 Qb4+ 48. Kd3 Qb1+ 49. Kc4 Qb4+ 50. Kd5 Qc5+ 51. Ke4 Qxf2 52.
Qd4 Qf5+ 53. Ke3 Qe6+ 54. Qe4 Qb3+ 55. Kf4 b5 56. axb5 Qxb5 57. Qa8 Qf5+ 58.
Ke3 Qe5+ 59. Kf3 Qc3+ 60. Kg2 Qd2+ 61. Kh3 Qd7+ 62. Kh2 Qd2+ 63. Kh3 Kg7 64.
Qb7+ Kf6 65. Qc6+ Kf7 66. Qc7+ Ke6 67. Qb6+ Kf5 68. Qb1+ Kf6 69. Qb6+ Kg7 70.
Qb7+ 1/2-1/2

[Event "Campeonato de Rusia 2007 Femenino Final"]
[Site "Moscu RUS"]
[Date "2007.12.22"]
[Round "4.5"]
[White "Shadrina, Tatiana"]
[Black "Gunina, Valentina"]
[Result "1-0"]
[WhiteElo "2379"]
[BlackElo "2359"]
[PlyCount "99"]
[EventDate "2007.12.18"]
[EventType "tourn"]
[EventRounds "11"]
[EventCountry "RUS"]
[Source "lmi"]
[SourceDate "2007.12.18"]

1. e4 e6 2. d4 d5 3. Nc3 Nf6 4. e5 Nfd7 5. Nf3 c5 6. dxc5 Nc6 7. Bf4 Bxc5 8.
Bd3 f6 9. exf6 Qxf6 10. Bg3 O-O 11. O-O h6 12. Qe2 a6 13. Rfe1 Nb6 14. a4 Bd7
15. a5 Nc8 16. Rf1 N8e7 17. Na4 Ba7 18. Ne5 Be8 19. Nb6 Rd8 20. Ng4 Qg5 21. h4
Qh5 22. c3 Bf7 23. Bc7 Qxh4 24. Ra4 Rde8 25. Nd7 d4 26. cxd4 Nf5 27. Nxf8 Ncxd4
28. Rxd4 Bxd4 29. Nd7 Re7 30. Be5 Rxd7 31. Bxd4 Rxd4 32. Ne5 Bh5 33. Qc2 Qf6
34. Re1 Rd8 35. Qb3 Nd4 36. Qxb7 Rf8 37. f3 Qg5 38. Kf1 Qd2 39. Qe4 Nf5 40. Kg1
Qxa5 41. Nd7 Re8 42. g4 Nh4 43. Qh7+ Kf7 44. Ne5+ Kf6 45. Kf2 Bf7 46. Qe4 Qd2+
47. Re2 Qc1 48. Rc2 Bg6 49. Nxg6 Qg5 50. Qd4+ 1-0

[Event "Campeonato de Rusia 2007 Femenino Final"]
[Site "Moscu RUS"]
[Date "2007.12.22"]
[Round "4.6"]
[White "Kovalevskaya, Ekaterina"]
[Black "Girya, Olga"]
[Result "0-1"]
[WhiteElo "2448"]
[BlackElo "2338"]
[PlyCount "170"]
[EventDate "2007.12.18"]
[EventType "tourn"]
[EventRounds "11"]
[EventCountry "RUS"]
[Source "lmi"]
[SourceDate "2007.12.18"]

1. e4 c5 2. Nf3 Nc6 3. d4 cxd4 4. Nxd4 e5 5. Nb5 d6 6. N1c3 a6 7. Na3 b5 8. Nd5
Nge7 9. c4 Nxd5 10. cxd5 Nd4 11. Be3 g6 12. Bxd4 exd4 13. Qxd4 Qa5+ 14. Qd2
Qxd2+ 15. Kxd2 Bg7 16. Rb1 f5 17. Bd3 O-O 18. f3 fxe4 19. Bxe4 Bf5 20. Rhe1
Bxe4 21. fxe4 Rac8 22. Re2 Be5 23. Nc2 Rc4 24. Kd3 h5 25. h3 Kg7 26. a4 Rf4 27.
axb5 axb5 28. Kd2 Rfxe4 29. Rxe4 Rxe4 30. b3 Bf4+ 31. Kd3 Re5 32. Nd4 Re3+ 33.
Kc2 Kf6 34. Rf1 Ke5 35. Rd1 Rg3 36. Nf3+ Kf6 37. Rg1 Be3 38. Rf1 Rxg2+ 39. Kd3
Rf2 40. Rxf2 Bxf2 41. Ke4 g5 42. Nd2 Be1 43. Nf1 g4 44. hxg4 hxg4 45. Ne3 Kg5
46. Nc2 Bc3 47. Na3 Kh4 48. Nxb5 Be5 49. Na3 g3 50. Nc2 g2 51. Ne1 g1=N 52. b4
Bc3 53. Ng2+ Kg3 54. Ne3 Bxb4 55. Kf5 Nf3 56. Nc4 Nd4+ 57. Ke4 Nb5 58. Kf5 Kf3
59. Nb6 Ke3 60. Ke6 Kd4 61. Nc8 Bc5 62. Kf5 Kxd5 63. Nxd6 Bxd6 64. Kg4 Nd4 65.
Kh3 Ke4 66. Kg2 Ke3 67. Kg1 Kf3 68. Kh1 Nc2 69. Kg1 Ne3 70. Kh1 Ng4 71. Kg1 Nf2
72. Kf1 Bh2 73. Ke1 Ne4 74. Kf1 Nd2+ 75. Ke1 Ke3 76. Kd1 Kd3 77. Ke1 Bg3+ 78.
Kd1 Bf2 79. Kc1 Nc4 80. Kd1 Nb2+ 81. Kc1 Kc3 82. Kb1 Kb3 83. Kc1 Be3+ 84. Kb1
Nc4 85. Ka1 Bf4 0-1

[Event "Campeonato de Rusia 2007 Femenino Final"]
[Site "Moscu RUS"]
[Date "2007.12.23"]
[Round "5.1"]
[White "Pogonina, Natalija"]
[Black "Shadrina, Tatiana"]
[Result "1/2-1/2"]
[WhiteElo "2462"]
[BlackElo "2379"]
[PlyCount "145"]
[EventDate "2007.12.18"]
[EventType "tourn"]
[EventRounds "11"]
[EventCountry "RUS"]
[Source "lmi"]
[SourceDate "2007.12.18"]

1. e4 c5 2. Nf3 e6 3. d4 cxd4 4. Nxd4 Nf6 5. Nc3 d6 6. Be2 Be7 7. O-O O-O 8.
Be3 a6 9. f4 Qc7 10. a4 Nc6 11. Qe1 Nxd4 12. Bxd4 e5 13. Be3 exf4 14. Bxf4 Be6
15. Kh1 Nd7 16. Qg3 Ne5 17. Rad1 Rad8 18. Be3 Ng6 19. Bd4 Qa5 20. Qf2 Rc8 21.
Qe3 Qg5 22. Qf2 Rc6 23. Bd3 Ne5 24. Nd5 Bxd5 25. exd5 Rc7 26. b3 Bf6 27. Bf5 g6
28. Bh3 Bg7 29. c4 f5 30. Qe1 Re8 31. Qb4 Nf7 32. Bg1 Qf6 33. Qb6 Rce7 34. c5
dxc5 35. Qxf6 Bxf6 36. g4 f4 37. Rxf4 Be5 38. Rff1 Bd6 39. Rc1 Re2 40. Bg2 Ne5
41. Rf6 Rd8 42. h3 Nd3 43. Rd1 Nf4 44. Bf1 Re4 45. Bh2 g5 46. Bxf4 gxf4 47. Bc4
Kg7 48. Re6 Re3 49. Rxe3 fxe3 50. Kg2 Be5 51. Rf1 b5 52. axb5 axb5 53. Bxb5
Rxd5 54. Re1 Bd4 55. Bc4 Rd8 56. h4 Re8 57. Rf1 Re7 58. Kf3 Ra7 59. Ke4 Re7+
60. Kd3 Kg6 61. Rh1 Kf6 62. Rf1+ Kg6 63. Re1 Ra7 64. Ke4 Ra2 65. Re2 Ra1 66. b4
Ra4 67. Kd5 Rxb4 68. Ra2 Rb6 69. Ra6 Rxa6 70. Bxa6 Kf6 71. Be2 h6 72. Bd3 Ke7
73. Be2 1/2-1/2

[Event "Campeonato de Rusia 2007 Femenino Final"]
[Site "Moscu RUS"]
[Date "2007.12.23"]
[Round "5.5"]
[White "Girya, Olga"]
[Black "Stepovaia, Tatiana"]
[Result "1/2-1/2"]
[WhiteElo "2338"]
[BlackElo "2375"]
[PlyCount "137"]
[EventDate "2007.12.18"]
[EventType "tourn"]
[EventRounds "11"]
[EventCountry "RUS"]
[Source "lmi"]
[SourceDate "2007.12.18"]

1. e4 d6 2. f4 Nf6 3. Nc3 g6 4. Nf3 Bg7 5. Bc4 O-O 6. d3 c6 7. O-O b5 8. Bb3 a5
9. a4 b4 10. Ne2 Na6 11. Ng3 Nc5 12. Ba2 Ba6 13. Kh1 Qc7 14. f5 Rab8 15. Bf4 b3
16. Bxb3 Rxb3 17. cxb3 Nxd3 18. Be3 Ng4 19. Bg1 d5 20. Ne1 Nge5 21. Nxd3 Nxd3
22. Qd2 Bxb2 23. Rab1 Bg7 24. Be3 Rd8 25. Bh6 Be5 26. fxg6 hxg6 27. Qg5 Bxg3
28. hxg3 Qe5 29. exd5 Rxd5 30. Qxe5 Rxe5 31. Bd2 f6 32. Rf3 Kf7 33. Kg1 Rd5 34.
Bc3 e5 35. Rd1 Ke6 36. g4 f5 37. gxf5+ gxf5 38. Rh3 e4 39. Rh6+ Kd7 40. Rh7+
Kc8 41. Ra7 Bb7 42. Rxa5 c5 43. b4 e3 44. bxc5 e2 45. Rb1 Nf4 46. Rab5 Rd1+ 47.
Kf2 Be4 48. Rb8+ Kd7 49. c6+ Kxc6 50. R1b6+ Kd7 51. Rg8 Rf1+ 52. Kg3 Ne6 53. a5
e1=Q+ 54. Bxe1 Rxe1 55. a6 Ra1 56. Kh2 f4 57. Rgb8 Ra2 58. R8b7+ Nc7 59. Rb2
Rxa6 60. R7b4 Re6 61. Re2 Bd5 62. Rxe6 Nxe6 63. Kg1 Kd6 64. Kf2 Ke5 65. Rb5 Ng5
66. Ra5 Ne4+ 67. Kf3 Nc5+ 68. Kg4 Nd3 69. Rxd5+ 1/2-1/2

[Event "Campeonato de Rusia 2007 Femenino Final"]
[Site "Moscu RUS"]
[Date "2007.12.23"]
[Round "5.6"]
[White "Gunina, Valentina"]
[Black "Kosintseva, Nadezhda"]
[Result "0-1"]
[WhiteElo "2359"]
[BlackElo "2469"]
[PlyCount "124"]
[EventDate "2007.12.18"]
[EventType "tourn"]
[EventRounds "11"]
[EventCountry "RUS"]
[Source "lmi"]
[SourceDate "2007.12.18"]

1. d4 Nf6 2. c4 e6 3. Nf3 b6 4. g3 Ba6 5. b3 Bb7 6. Bg2 Bb4+ 7. Bd2 c5 8. O-O
O-O 9. Nc3 cxd4 10. Nb5 Bc5 11. Bg5 Bxf3 12. Bxf3 Nc6 13. b4 Bxb4 14. Nxd4 Rc8
15. Nxc6 dxc6 16. Qa4 a5 17. a3 Bd6 18. Rfd1 Qc7 19. Rab1 Nd7 20. Qb3 Bc5 21.
Bf4 e5 22. Bc1 f5 23. Bg2 Nf6 24. Be3 e4 25. Bxc5 bxc5 26. Qb6 Nd7 27. Qb7 Ne5
28. Qb3 Rb8 29. Qe3 Rxb1 30. Rxb1 Qd6 31. Qb3 Rd8 32. Bf1 h6 33. Bh3 g6 34. Bf1
Rd7 35. Qc3 Kh7 36. h3 Qd4 37. Qxa5 Nxc4 38. Qa8 e3 39. f4 Nd2 40. Rb7 Nxf1 41.
Qa7 Rxb7 42. Qxb7+ Kg8 43. Qc8+ Kf7 44. Qc7+ Kf8 45. Qb8+ Ke7 46. Qc7+ Qd7 47.
Qxd7+ Kxd7 48. Kxf1 c4 49. Ke1 Kc7 50. Kd1 Kb6 51. Kc2 Kb5 52. g4 h5 53. gxf5
gxf5 54. Kc3 Ka4 55. Kxc4 Kxa3 56. Kd4 Kb3 57. Kxe3 c5 58. Kd2 c4 59. Kc1 Kc3
60. e4 fxe4 61. f5 e3 62. Kd1 Kd3 0-1

[Event "Campeonato de Rusia 2007 Femenino Final"]
[Site "Moscu RUS"]
[Date "2007.12.24"]
[Round "6.1"]
[White "Kosintseva, Nadezhda"]
[Black "Pogonina, Natalija"]
[Result "1/2-1/2"]
[WhiteElo "2469"]
[BlackElo "2462"]
[PlyCount "83"]
[EventDate "2007.12.18"]
[EventType "tourn"]
[EventRounds "11"]
[EventCountry "RUS"]
[Source "lmi"]
[SourceDate "2007.12.18"]

1. e4 c5 2. Nf3 d6 3. d4 cxd4 4. Nxd4 Nf6 5. Nc3 g6 6. Be3 Bg7 7. f3 O-O 8. Qd2
Nc6 9. O-O-O d5 10. exd5 Nxd5 11. Nxc6 bxc6 12. Bd4 Bxd4 13. Qxd4 Qc7 14. Bc4
Nb6 15. Bd3 Be6 16. Rhe1 Rfd8 17. Qh4 Rab8 18. Qg3 Qb7 19. b3 Nd5 20. Nxd5 Rxd5
21. Re5 Rbd8 22. Rxd5 Rxd5 23. c4 Rd6 24. Qe1 Qb6 25. Be4 Qc5 26. Kc2 a5 27.
Qg1 Qa3 28. Kb1 a4 29. Rxd6 Qxd6 30. Kc2 c5 31. g3 f5 32. Bd3 Bd7 33. f4 axb3+
34. axb3 e5 35. fxe5 Qxe5 36. Qc1 Kg7 37. Qf4 Qxf4 38. gxf4 h6 39. h4 g5 40.
fxg5 hxg5 41. hxg5 Kg6 42. b4 1/2-1/2

[Event "Campeonato de Rusia 2007 Femenino Final"]
[Site "Moscu RUS"]
[Date "2007.12.24"]
[Round "6.2"]
[White "Kosintseva, Tatiana"]
[Black "Kovalevskaya, Ekaterina"]
[Result "1-0"]
[WhiteElo "2492"]
[BlackElo "2448"]
[PlyCount "117"]
[EventDate "2007.12.18"]
[EventType "tourn"]
[EventRounds "11"]
[EventCountry "RUS"]
[Source "lmi"]
[SourceDate "2007.12.18"]

1. e4 c5 2. Nf3 Nc6 3. Bb5 g6 4. Bxc6 bxc6 5. O-O Bg7 6. Re1 Nh6 7. c3 O-O 8.
d4 cxd4 9. cxd4 d6 10. h3 f6 11. b3 Qa5 12. Bb2 Nf7 13. Nbd2 Qa6 14. Qc2 Bd7
15. a3 Rac8 16. b4 Rfe8 17. Rac1 Qb5 18. e5 Qd5 19. Nc4 Bf5 20. Qe2 fxe5 21.
Ne3 Qb5 22. Nxf5 gxf5 23. dxe5 Qxe2 24. Rxe2 dxe5 25. Nxe5 Nxe5 26. Bxe5 e6 27.
Bxg7 Kxg7 28. Rec2 Kf6 29. Rxc6 Rxc6 30. Rxc6 Re7 31. b5 Ke5 32. a4 Kd5 33. Kf1
Rg7 34. g3 Rf7 35. Ke2 e5 36. g4 f4 37. g5 Rg7 38. h4 e4 39. Rf6 Ke5 40. a5 f3+
41. Ke1 Rc7 42. Rc6 Rb7 43. b6 axb6 44. axb6 Kf4 45. Rf6+ Kg4 46. g6 h5 47. Re6
Kxh4 48. Rxe4+ Kg5 49. Re6 Kf5 50. Rc6 Ke4 51. Rc4+ Kf5 52. Rb4 Kxg6 53. Kd2 h4
54. Ke3 h3 55. Kxf3 Rh7 56. Rb1 Rh8 57. b7 h2 58. Kg2 Kf6 59. Kh1 1-0